Statistics for MLB 2022 stat leaders

Click here to take the quiz!

General Stats

  • This quiz has been taken 29 times
  • The average score is 9 of 16

Answer Stats

HintAnswer% Correct
Home runsAaron Judge
94%
total basesAaron Judge
94%
runs scoredAaron Judge
94%
doublesFreddie Freeman
83%
HitsFreddie Freeman
83%
ERAJustin Verlander
83%
Batting AverageJeff Mcneil
72%
StrikeoutsGerrit Cole
61%
Base on BallsJuan Soto
50%
winsKyle Wright
50%
Innings pitchedSandy Alcantara
44%
Plate appearancesMarcus Semien
39%
At BatsMarcus Semien
39%
Strikeouts per 9Carlos Rodon
11%
triplesEddie Rosario
0%
singlesEddie Rosario
0%

Score Distribution

Percentile by Number Answered

Percent of People with Each Score

Your Score History

You have not taken this quiz